La iglesia rica y el clero pobre : tercera conferencia (Record no. 134271)

MARC details
000 -LEADER
campo de control de longitud fija 00870nam a2200229 i 4500
001 - NÚMERO DE CONTROL
campo de control 134271
003 - IDENTIFICADOR DE NÚMERO DE CONTROL
campo de control ES-MaACL
005 - FECHA Y HORA DE LA ÚLTIMA TRANSACCIÓN
campo de control 20250830111228.0
007 - CAMPO FIJO DE DESCRIPCIÓN FÍSICA--INFORMACIÓN GENERAL
campo de control de longitud fija t|
008 - DATOS DE LONGITUD FIJA--INFORMACIÓN GENERAL
campo de control de longitud fija 070907s1922 sp |||| | spa d
080 ## - NÚMERO DE LA CLASIFICACIÓN DECIMAL UNIVERSAL
Número de la Clasificación Decimal Universal 282
100 1# - ENTRADA PRINCIPAL--NOMBRE DE PERSONA
Nombre de persona Torrubiano Ripoll, Jaime.
9 (RLIN) 111063
245 13 - MENCIÓN DEL TÍTULO
Título La iglesia rica y el clero pobre : tercera conferencia
Resto del título : serie de conferencias en el Ateneo de Madrid /
Mención de responsabilidad, etc. por Jaime Torrubiano Ripoll.
260 ## - PUBLICACIÓN, DISTRIBUCIÓN, ETC.
Lugar de publicación, distribución, etc. [Madrid] :
Nombre del editor, distribuidor, etc. Atlántida,
Fecha de publicación, distribución, etc. 1922.
300 ## - DESCRIPCIÓN FÍSICA
Extensión 39 p. ;
Dimensiones 19 cm.
500 ## - NOTA GENERAL
Nota general Precede al tít.: Campaña ruidosa.
500 ## - NOTA GENERAL
Nota general Conferencias dadas en el Ateneo de Madrid en mayo de 1922, según consta en contraportada.
610 24 - PUNTO DE ACCESO ADICIONAL DE MATERIA--NOMBRE DE ENTIDAD CORPORATIVA
Nombre de entidad corporativa o nombre de jurisdicción como elemento de entrada Ateneo de Madrid-
Subdivisión de forma Conferencias-
Subdivisión cronológica 1900-1939
9 (RLIN) 1907
610 24 - PUNTO DE ACCESO ADICIONAL DE MATERIA--NOMBRE DE ENTIDAD CORPORATIVA
Nombre de entidad corporativa o nombre de jurisdicción como elemento de entrada Iglesia Católica
9 (RLIN) 4639
852 ## - LOCALIZACIÓN
Ubicación ES-MaACL
Número de control de estantería 2237-F-10
Nota libre . - Dedicatoria autógrafa
Holdings
Estatus retirado Estado de pérdida Estado de daño No para préstamo Colección Biblioteca de origen Biblioteca actual Ubicación en estantería Fecha de adquisición Fuente de adquisición Total de préstamos Signatura topográfica completa Código de barras Visto por última vez Precio de reemplazo Tipo de ítem Koha
        Colección de folletos Biblioteca del Ateneo de Madrid Biblioteca del Ateneo de Madrid Depósito folletos 17/01/2008     2237-F-10 1139765 23/02/2023 23/02/2023 Folleto